Los estados desunidos de Latinoamérica : (Registro nro. 52997)

Detalles MARC
000 -LEADER
campo de control de longitud fija 03338cam a22004454i 4500
003 - IDENTIFICADOR DE NÚMERO DE CONTROL
campo de control PE-LiUPU
005 - FECHA Y HORA DE LA ÚLTIMA TRANSACCIÓN
campo de control 20250731184116.0
008 - DATOS DE LONGITUD FIJA--INFORMACIÓN GENERAL
campo de control de longitud fija 150706s2009 r 000 0 spa d
020 ## - NÚMERO INTERNACIONAL ESTÁNDAR DEL LIBRO
Número Internacional Estándar del Libro 9788496107991
035 ## - NÚMERO DE CONTROL DEL SISTEMA
Número de control de sistema (Sirsi) i9788496107991
040 ## - FUENTE DE CATALOGACIÓN
Centro catalogador/agencia de origen PE-LiUPU
Lengua de catalogación spa
Centro/agencia transcriptor PE-LiUPU
Normas de descripción rda
049 ## - FONDOS LOCALES (OCLC)
Biblioteca depositaria PRUA
082 04 - NÚMERO DE LA CLASIFICACIÓN DECIMAL DEWEY
Número de clasificación 869.26
Cutter O57
Número de edición 21
100 1# - ENTRADA PRINCIPAL--NOMBRE DE PERSONA
Nombre de persona Oppenheimer, Andrés,
Término indicativo de función/relación autor.
245 14 - MENCIÓN DEL TÍTULO
Título Los estados desunidos de Latinoamérica :
Resto del título (las mejores columnas del 2006 al 2009) /
Mención de responsabilidad, etc. Andrés Oppenheimer.
264 #1 - PRODUCCIÓN, PUBLICACIÓN, DISTRIBUCIÓN, FABRICACIÓN Y COPYRIGHT
Producción, publicación, distribución, fabricación y copyright Madrid :
Nombre del de productor, editor, distribuidor, fabricante EDAF, S.L,
Fecha de producción, publicación, distribución, fabricación o copyright 2009.
300 ## - DESCRIPCIÓN FÍSICA
Extensión 319 páginas ;
Dimensiones 24 centimetros
336 ## - TIPO DE CONTENIDO
Término de tipo de contenido text
Fuente rdacontent
337 ## - TIPO DE MEDIO
Nombre/término del tipo de medio unmediated
Fuente rdamedia
338 ## - TIPO DE SOPORTE
Nombre/término del tipo de soporte volume
Fuente rdacarrier
500 ## - NOTA GENERAL
Nota general Selección de artículos del autor publicados en "The Miami herald" .
505 0# - NOTA DE CONTENIDO CON FORMATO
Nota de contenido con formato La izquierda y la derecha en el siglo XXI -- El gabinete más globalizado -- ¿Un cuerpo de paz español para Latinoamérica? -- Demógrafos optimistas sobre América Latina -- Alán García y la izquierda responsable -- Una charla con Felipe Calderón -- México: otros seis años de gobierno débil -- El despertar de los hispanos -- La jugada de España en Cuba -- Los hispanos deben de decir ¡ya basta! -- Un encuentro con Barack Obama -- El boom del turismo médico -- Chávez y el "maleta-gate" -- La desunión de América del Norte -- Estados Unidos, inmigración y pobreza -- La crisis que nadie quiso ver -- Una entrevista con Obama -- Obama y el desafío latino -- Chávez de mediador a observador -- Obama y la enseñanza del español -- ¿Quién paga impuestos en América Latina? -- La farsa de los derechos humanos en la ONU -- ¿Una luz al final del túnel? -- La primera victoria de Obama -- Obama ganó el primer round -- Estados Unidos y la violencia fronteriza -- La declaración de la cumbre ¿una broma? -- Como salir más rápido de la recesión -- El mundo de la poscrisis -- La mejor respuesta a los populistas -- Uribe cava su propia fosa -- Las lecciones de Honduras -- ¿Y la solidaridad latinoamericana? -- La puerta giratoria de Ministros de economía -- ¿Hay golpes malos y golpes buenos? -- La autodestrucción de Uribe -- ¿Qué hay detrás de la escalada armamentística? -- ¿Una luz al final del túnel?.
526 ## - NOTA DE INFORMACIÓN SOBRE EL PROGRAMA DE ESTUDIO
Nombre del programa Comunicación Y Periodismo
526 ## - NOTA DE INFORMACIÓN SOBRE EL PROGRAMA DE ESTUDIO
Nombre del programa Educación, Especialidad Inglés Y Español (A Distancia)
526 ## - NOTA DE INFORMACIÓN SOBRE EL PROGRAMA DE ESTUDIO
Nombre del programa Educación, Especialidad Inglés Y Español
526 ## - NOTA DE INFORMACIÓN SOBRE EL PROGRAMA DE ESTUDIO
Nombre del programa Educación secundaria, especialidad lingüística e inglés
526 ## - NOTA DE INFORMACIÓN SOBRE EL PROGRAMA DE ESTUDIO
Nombre del programa Ciencias de la comunicación
541 ## - NOTA DE FUENTE DE ADQUISICIÓN DIRECTA
-- 110-0000826;
596 ## -
-- 1
650 04 - PUNTO DE ACCESO ADICIONAL DE MATERIA--TÉRMINO DE MATERIA
Término de materia o nombre geográfico como elemento de entrada Artículos periodísticos
Subdivisión geográfica Argentina
Subdivisión cronológica Siglo XXI.
651 ## - PUNTO DE ACCESO ADICIONAL DE MATERIA--NOMBRE GEOGRÁFICO
Nombre geográfico Estados Unidos
Subdivisión general Política y gobierno
Subdivisión cronológica 2001-2009
651 ## - PUNTO DE ACCESO ADICIONAL DE MATERIA--NOMBRE GEOGRÁFICO
Nombre geográfico América Latina
Subdivisión general Política y gobierno
Subdivisión cronológica 1998-.
910 ## - DATOS DE OPCIÓN DEL USUARIO (OCLC)
Datos de opción del usuario gl
-- jv
-- lch
-- 20111213
942 ## - ELEMENTOS DE ENTRADA SECUNDARIOS (KOHA)
Fuente del sistema de clasificación o colocación Clasificación Decimal Dewey
Tipo de ítem Koha
949 ## - PROCESAMIENTO DE INFORMACIÓN LOCAL (OCLC)
a 869.26 O57
w DEWEY
c 1
i 64170
l CCODEBUL1
m BUL
p 22.00
r 0
s Y
t BOOK
u 2015-7-6
x FCE
-- P04
o .STAFF. Colección General
994 ## -
-- C0
-- PEPRU
999 ## - NÚMEROS DE CONTROL DE SISTEMA (KOHA)
-- DEWEY
-- 64170
-- 2021-11-5
-- 6
-- CCODEBUL1
-- BUL
-- 22.00
-- 0
-- Y
-- BOOK
-- 2015-7-6
-- BIBLIOTECA
-- P04
-- COMPRA
-- .STAFF. Colección General
999 ## - NÚMEROS DE CONTROL DE SISTEMA (KOHA)
-- DEWEY
-- 74450
-- 2017-4-18
-- 2021-11-5
-- 6
-- CCODEBUL1
-- BUL
-- 2
-- 22.00
-- 3
-- 0
-- Y
-- BOOK
-- 2016-9-21
-- BIBLIOTECA
-- P04
-- COMPRA
-- .STAFF. Colección Ciencias Empresariales
980 ## - EQUIVALENCIA O REFERENCIA-CRUZADA-MENCIÓN DE SERIE--NOMBRE DE PERSONA/TÍTULO [LOCAL, CANADÁ]
ID del último usuario que modificó el registro 1
Nombre del último usuario que modificó el registro ALBERTO SANCHEZ Responsable de Automatización
Existencias
Visto por última vez Número de inventario Total de préstamos Signatura topográfica completa Código de barras Fecha del último préstamo Copia número Coste, precio de reemplazo Fecha de reemplazo Facultad Tipo de ítem Koha Nota pública Estado de pérdida Fuente del sistema de clasificación o colocación Restricciones de uso No para préstamo Colección Programa académico Biblioteca de origen Biblioteca actual Ubicación en estantería Fecha de adquisición Fuente de adquisición Coste, precio normal de compra
2025-12-03 7 2 869.26 O57 64170 2017-04-18 e1 27.00 2015-07-06 FCE Libros físicos inventario-2023-12-13 No Perdido Clasificación Decimal Dewey No restringido Disponible para préstamos Colección General Administración y negocios internacionales Biblioteca CRAI UPeU Lima Biblioteca CRAI UPeU Lima Sala principal 2015-07-06 COMPRA 22.00
2025-12-03 7   869.26 O57 74450   e2 27.00 2016-09-21 FCE Libros físicos inventario-2023-12-13 No Perdido Clasificación Decimal Dewey No restringido Disponible para préstamos Colección General Administración y negocios internacionales Biblioteca CRAI UPeU Lima Biblioteca CRAI UPeU Lima Sala principal 2016-09-21 COMPRA 22.00